Mort subite: Joueurs sélectionnés par Didier Deschamps (Novembre 2024) - Statistiques

Statistiques générales
  • Ce quiz a été pris 1 319 fois
    1 118 depuis la dernière actualisation
  • Le résultat moyen est 4 sur 23
Answers on the Grid
Answers color-coded by a green-red scale on the quiz's grid according to % correct below.
Mike Maignan
Brice Samba
Lucas Chevalier
Alphonse Areola
Jonathan Clauss
Lucas Digne
Wesley Fofana
Theo Hernandez
Jules Koundé
Ibrahima Konaté
William Saliba
Dayot Upamecano
Eduardo Camavinga
Mattéo Guendouzi
N'Golo Kanté
Manu Koné
Adrien Rabiot
Warren Zaïre-Emery
Bradley Barcola
Ousmane Dembélé
Benjamin Pavard
Randal Kolo Muani
Christopher Nkunku
Michael Olise
Marcus Thuram
Kylian Mbappé
Alban Lafont
Axel Disasi
Ferland Mendy
Youssouf Fofana
Khéphren Thuram
Enzo Millot
Maghnes Akliouche
Kingsley Coman
Désiré Doué
Loïc Badé
Olivier Giroud
Antoine Griezmann
Pierre Lees-Melou
Evann Guessand
 
Statistiques - réponses
Réponse % Correct
William Saliba
25%
Jules Koundé
22%
Theo Hernandez
22%
Bradley Barcola
21%
Eduardo Camavinga
19%
Marcus Thuram
19%
Mike Maignan
19%
N'Golo Kanté
18%
Benjamin Pavard
17%
Ibrahima Konaté
17%
Warren Zaïre-Emery
17%
Brice Samba
16%
Lucas Digne
15%
Adrien Rabiot
14%
Dayot Upamecano
14%
Lucas Chevalier
14%
Randal Kolo Muani
14%
Kingsley Coman
12%
Mattéo Guendouzi
11%
Michael Olise
11%
Christopher Nkunku
7%
Jonathan Clauss
7%
Manu Koné
7%
Aucun quiz correspondant
Distribution des résultats
% des personnes avec chaque résultat
Percentile par nombre de réponses
Votre historique - résultats
Vous n’avez pas pris ce quiz depuis la dernière actualisation